Sociologické aspekty migrácie v EÚ diplomová práca

Guardado en:
Detalles Bibliográficos
Autor principal: Mazancová, Monika
Autor Corporativo: Fakulta medzinárodných vzťahov EU. Katedra medzinárodných politických vzťahov
Otros Autores: Štefancová, Viera
Formato: Libro
Lenguaje:eslovaco
Publicado: Bratislava 2018
Etiquetas: Agregar Etiqueta
Sin Etiquetas, Sea el primero en etiquetar este registro!

MARC

LEADER 00000nbm a2200000 4500
001 0244500
005 20180807080158.8
041 0 |a slo 
044 |a SK 
245 1 0 |a Sociologické aspekty migrácie v EÚ  |b diplomová práca  |c Monika Mazancová ; školiteľ: Viera Štefancová 
264 1 |a Bratislava  |c 2018 
300 |a 113 s. 
100 1 |a Mazancová, Monika 
700 1 |a Štefancová, Viera 
710 2 |a Fakulta medzinárodných vzťahov EU. Katedra medzinárodných politických vzťahov